| 000 | 00623nam a2200253Ia 4500 | ||
|---|---|---|---|
| 008 | 210210b2010 xxu||||| |||| 00| 0 eng d | ||
| 020 | _a8188554685 | ||
| 041 | _aeng | ||
| 082 | _aH891.309 PATM | ||
| 100 | _aPATOLE (Kalpna Kiran) | ||
| 245 | _aMahila upanyaskar: parivarik jivan ke badalthe sandarabh | ||
| 260 |
_aKanpur _bVidhya Prakashan Mandir _c2010 |
||
| 300 | _a240 | ||
| 650 | _aupanyaskar: | ||
| 650 | _astri sahity | ||
| 650 | _asandarabh | ||
| 650 | _aparivarik | ||
| 650 | _aMahila | ||
| 650 | _ake | ||
| 650 | _ajivan | ||
| 650 | _abadalthe | ||
| 690 | _aHindi Criticism | ||
| 906 | _a065171 | ||
| 999 |
_c142456 _d142456 |
||